| Tag |
First Indicator |
Second Indicator |
Subfields |
| LEADER |
00000cam a2200000 4500 |
| 001 |
in00000096867 |
| 005 |
20150925090520.0 |
| 008 |
731025s1962 eng u |
| 035 |
|
|
|a (OCoLC)00727855
|
| 035 |
|
|
|9 AAL2580AM
|
| 040 |
|
|
|c WPG
|d TXA
|d UtOrBLW
|
| 049 |
|
|
|a TXAM
|c [1162120]
|
| 090 |
|
|
|a TL785
|b .M8
|
| 100 |
1 |
|
|a Muenger, James Robert.
|
| 245 |
1 |
0 |
|a Estimation of performance factors for rocket propellants /
|c prepared by J.R. Muenger [and] Leonard Granger.
|
| 264 |
|
1 |
|a Beacon, N.Y. :
|b Texaco,
|c [1962]
|
| 300 |
|
|
|a l volumes (various pagings) :
|b illustrations ;
|c 28cm.
|
| 336 |
|
|
|a text
|b txt
|2 rdacontent
|
| 337 |
|
|
|a unmediated
|b n
|2 rdamedia
|
| 338 |
|
|
|a volume
|b nc
|2 rdacarrier
|
| 650 |
|
0 |
|a Rockets (Aeronautics)
|x Fuel.
|
| 700 |
1 |
|
|a Greiner, Leonard.
|
| 710 |
2 |
|
|a Texaco, inc.
|
| 710 |
1 |
|
|a United States.
|b Air Force.
|b System Command.
|b Rocket Research Laboratory.
|
| 710 |
2 |
|
|a United States Air Force Rocket Research Laboratory.
|
| 999 |
|
|
|a MARS
|
| 999 |
f |
f |
|s 32a8f7dd-c3f9-3f32-8999-70ee29d646ba
|i 6107ff46-10e0-370a-ae11-80073d88e060
|t 0
|
| 952 |
f |
f |
|p ric
|a Texas A&M University
|b Rellis Campus
|c Joint Library Facility
|d Remote Storage
|t 0
|e TL785 .M8
|h Library of Congress classification
|i unmediated -- volume
|m A14805554491
|
| 998 |
f |
f |
|a TL785 .M8
|t 0
|l Remote Storage
|